000 00792nam a22002297a 4500
999 _c166359
_d166359
005 20190722132010.0
010 _aB-77907
020 _a-
_c200.00
035 _aB-77907
037 _bBPPD/Ven.
_adpl
082 _a270
100 _aمحمد ضياء ا لد ين ا نصا ر ی
245 _aا سلا ميا ت
_cمحمد ضياء ا لد ين ا نصا ر ی
246 _aIslamiat (Urdu)
_bby Mohd. Zia Uddin Ansari
260 _aPatna
_bKhuda Bakhsh Oriental Public Library
_c2001
270 _aKhuda Bakhsh Oriental Public Library,Patna (Bihar)
300 _a460ص
_c22cm(Hb)
490 _aJaico illustrated classics series
942 _2ddc
_cUR
_mہ ن د
_h270